[Event "Agen_2017-Accession"]
[Site "Agen"]
[Date "2017.08.19"]
[Round "5.14"]
[White "Lamoureux, Charles"]
[Black "Roselle, Tristan"]
[Result "1-0"]
[WhiteElo "2306"]
[BlackElo "2134"]
[PlyCount "101"]
[EventDate "2017.08.??"]
[EventType "swiss"]
[EventRounds "9"]
[EventCountry "FRA"]
[WhiteTeam "Club d'Echecs d'Annemasse"]
[BlackTeam "AGJA-Echiquier Aquitaine"]

1. b3 e5 2. Bb2 Nc6 3. e3 d6 4. d4 exd4 5. exd4 d5 6. Bb5 Nf6 7. Ne2 Be7 8.
Nbc3 O-O 9. Qd2 Bb4 10. f3 Ne7 11. g4 c6 12. Bd3 Ne8 13. O-O-O Qd6 14. h4 f5
15. Rhg1 fxg4 16. fxg4 Be6 17. h5 Nc7 18. h6 g6 19. Qg5 Rf3 20. Rdf1 Raf8 21.
Rxf3 Rxf3 22. Kb1 Nc8 23. Bxg6 Qe7 24. Qxe7 Nxe7 25. Bd3 Bd6 26. Bc1 Ng6 27.
Nd1 Nf4 28. Nxf4 Bxf4 29. Be2 Rg3 30. Rxg3 Bxg3 31. Ne3 Bf4 32. Ng2 Bxc1 33.
Kxc1 Ne8 34. Nf4 Bf7 35. Kd2 Nf6 36. Ke3 Ne4 37. Bd3 Ng5 38. Bf5 Kf8 39. Nd3
Be6 40. Kf4 Bxf5 41. Kxf5 Nf7 42. g5 Nd6+ 43. Kf4 Nb5 44. Ke5 Kf7 45. c4 dxc4
46. bxc4 Na3 47. Kf5 Nc2 48. Ne5+ Kg8 49. d5 cxd5 50. cxd5 Nd4+ 51. Kf6 1-0

[Event "Agen_2017-Accession"]
[Site "Agen"]
[Date "2017.08.19"]
[Round "5.16"]
[White "Le Goff, Ronan"]
[Black "Pottier, Simeon"]
[Result "1/2-1/2"]
[WhiteElo "2280"]
[BlackElo "2006"]
[PlyCount "68"]
[EventDate "2017.08.??"]
[EventType "swiss"]
[EventRounds "9"]
[EventCountry "FRA"]
[WhiteTeam "Echiquier de l'Erdre"]
[BlackTeam "Rois et Dames des Trois Cites"]

1. d4 Nf6 2. Nf3 c5 3. e3 g6 4. Be2 Bg7 5. O-O d5 6. dxc5 Qc7 7. a3 Qxc5 8. b4
Qc7 9. Bb2 Bd7 10. Nc3 O-O 11. Ra2 e6 12. Qa1 Ne8 13. Rc1 Na6 14. Nd1 Bxb2 15.
Nxb2 b5 16. Nd3 f6 17. c3 e5 18. Nb2 Rc8 19. Nd1 Qb6 20. Rd2 Bc6 21. a4 bxa4
22. c4 dxc4 23. Bxc4+ Kg7 24. Be6 Rc7 25. Bd5 Nd6 26. Bxc6 Rxc6 27. Rxc6 Qxc6
28. b5 Nxb5 29. Qxa4 Nac7 30. h4 Rf7 31. Qg4 Qe6 32. Qa4 Rd7 33. h5 Rxd2 34.
Nxd2 Qd5 1/2-1/2

[Event "Agen_2017-Accession"]
[Site "Agen"]
[Date "2017.08.19"]
[Round "5.17"]
[White "Vidal, Llewellyn"]
[Black "Feryn, Benjamin"]
[Result "0-1"]
[WhiteElo "2247"]
[BlackElo "2153"]
[PlyCount "148"]
[EventDate "2017.08.??"]
[EventType "swiss"]
[EventRounds "9"]
[EventCountry "FRA"]
[WhiteTeam "Echecs Club Montpellier"]
[BlackTeam "L'Echiquier Cappellois"]

1. c4 Nf6 2. Nc3 g6 3. g3 Bg7 4. Bg2 O-O 5. d4 d6 6. Nf3 Nc6 7. O-O e5 8. dxe5
dxe5 9. Bg5 Qxd1 10. Rfxd1 h6 11. Be3 Bg4 12. h3 Bxf3 13. Bxf3 a6 14. Bc5 Rfe8
15. Bxc6 bxc6 16. Rd2 Bf8 17. Bxf8 Kxf8 18. Rad1 Re7 19. Na4 Ne4 20. Rd3 Ke8
21. Kg2 Nd6 22. b3 Nb7 23. e4 Nd8 24. Rf3 Ne6 25. Rf6 Rd8 26. Rxd8+ Kxd8 27. f4
Rd7 28. fxe5 Ke7 29. Rf2 Rd3 30. Re2 h5 31. h4 a5 32. Kf2 Nd4 33. Rb2 Ne6 34.
Re2 Nd4 35. Rb2 Ne6 36. Rc2 Nd4 37. Nb2 Rf3+ 38. Kg2 Rxg3+ 39. Kxg3 Nxc2 40.
Nd3 Nb4 41. Nc5 Nxa2 42. Kf4 Nb4 43. Kg5 Nc2 44. e6 Nd4 45. exf7 Kxf7 46. Kf4
Kf6 47. e5+ Kf7 48. Ke4 Nf5 49. Nb7 Nxh4 50. Nxa5 Nf5 51. Kf4 Nd4 52. b4 h4 53.
Kg4 g5 54. Nb7 Ke6 55. Nd8+ Ke7 56. Nb7 Nc2 57. Nc5 Ne3+ 58. Kh3 Nxc4 59. Ne4
Nxe5 60. Nxg5 Ng6 61. Kg4 Kf6 62. Nh3 Ke5 63. Kg5 Ne7 64. Kxh4 Nd5 65. Kg3 Nxb4
66. Kf3 Kd4 67. Nf4 Na6 68. Ke2 Kc3 69. Kd1 c5 70. Nd5+ Kb3 71. Kd2 c4 72. Nc3
Nc5 73. Nb5 Kb2 74. Nd4 Nb3+ 0-1

[Event "Agen_2017-Accession"]
[Site "Agen"]
[Date "2017.08.19"]
[Round "5.18"]
[White "Girardon, Jerome"]
[Black "Favarel, Antoine"]
[Result "1-0"]
[WhiteElo "2160"]
[BlackElo "2388"]
[PlyCount "59"]
[EventDate "2017.08.??"]
[EventType "swiss"]
[EventRounds "9"]
[EventCountry "FRA"]
[WhiteTeam "Gueugnon Echecs"]
[BlackTeam "L'Echiquier Chalonnais"]

1. e4 c5 2. Nf3 Nc6 3. Nc3 g6 4. h4 h6 5. Bc4 Bg7 6. d3 d6 7. a3 e6 8. Ba2 Nge7
9. Be3 Nd4 10. Qd2 b6 11. O-O-O Bb7 12. Rdg1 b5 13. Nd1 a5 14. c3 Nxf3 15. gxf3
h5 16. f4 b4 17. f5 exf5 18. Bg5 Rb8 19. Ne3 b3 20. Bb1 f6 21. Bf4 Bc6 22. Nc4
fxe4 23. Nxd6+ Kf8 24. dxe4 Ba8 25. Qe2 Rb6 26. Rd1 Qb8 27. e5 fxe5 28. Bxe5
Bxh1 29. Bxg7+ Kxg7 30. Qxe7+ 1-0

[Event "Agen_2017-Accession"]
[Site "Agen"]
[Date "2017.08.19"]
[Round "5.19"]
[White "Guignier, Nicolas"]
[Black "Valuet, Bertrand"]
[Result "0-1"]
[WhiteElo "2212"]
[BlackElo "2310"]
[PlyCount "72"]
[EventDate "2017.08.??"]
[EventType "swiss"]
[EventRounds "9"]
[EventCountry "FRA"]
[WhiteTeam "Avinkha Club d'Echecs"]
[BlackTeam "La tour de Juvisy"]

1. e4 c5 2. Nf3 d6 3. d4 cxd4 4. Nxd4 Nf6 5. Nc3 a6 6. Be3 e5 7. Nb3 Be6 8. f3
Nbd7 9. Qd2 Be7 10. g4 b5 11. g5 b4 12. Nd5 Nxd5 13. exd5 Bf5 14. h4 Qc7 15.
Bd3 Bxd3 16. Qxd3 O-O 17. O-O-O a5 18. Kb1 Nb6 19. Nd2 Na4 20. Ne4 Rfc8 21.
Rdg1 Qc4 22. Nf6+ Bxf6 23. gxf6 g6 24. Qxc4 Rxc4 25. h5 Rc7 26. Rg2 Nc5 27. Bh6
a4 28. Bg7 b3 29. hxg6 fxg6 30. c3 a3 31. Rxh7 bxa2+ 32. Kxa2 axb2+ 33. Kxb2
Rb7+ 34. Kc1 Ra1+ 35. Kd2 Rb2+ 36. Ke3 Re1+ 0-1

[Event "Agen_2017-Accession"]
[Site "Agen"]
[Date "2017.08.19"]
[Round "5.20"]
[White "Pigeat, Alexandre"]
[Black "Viel, Simon"]
[Result "1-0"]
[WhiteElo "2286"]
[BlackElo "2220"]
[PlyCount "69"]
[EventDate "2017.08.??"]
[EventType "swiss"]
[EventRounds "9"]
[EventCountry "FRA"]
[WhiteTeam "Esbarres Bonnencontre Echecs"]
[BlackTeam "Echecs Plus de Cherbourg-Octeville"]

1. d4 e6 2. c4 Bb4+ 3. Nc3 c5 4. e3 Nf6 5. Nge2 b6 6. f3 O-O 7. a3 Ba5 8. Rb1
Na6 9. d5 Nh5 10. g3 d6 11. Bg2 e5 12. O-O f5 13. Na2 b5 14. cxb5 Nc7 15. b4
Bb6 16. a4 cxb4 17. Nxb4 f4 18. a5 Bc5 19. b6 axb6 20. axb6 Nb5 21. Nc6 Qxb6
22. Ne7+ Kh8 23. Nxc8 Rfxc8 24. Qd3 Rab8 25. Bh3 Rc7 26. gxf4 Nxf4 27. Nxf4
exf4 28. Kh1 fxe3 29. Re1 Re7 30. Bf1 Reb7 31. Bxe3 h6 32. Qg6 Qa5 33. Bd3 Kg8
34. Bxc5 Nc7 35. Bd4 1-0

[Event "Agen_2017-Accession"]
[Site "Agen"]
[Date "2017.08.19"]
[Round "5.21"]
[White "Touzane, Olivier"]
[Black "Boyer, Mahel"]
[Result "1-0"]
[WhiteElo "2264"]
[BlackElo "2207"]
[PlyCount "94"]
[EventDate "2017.08.??"]
[EventType "swiss"]
[EventRounds "9"]
[EventCountry "FRA"]
[WhiteTeam "Echecs Club Montpellier"]
[BlackTeam "Echiquier Nîmois"]

1. d4 d5 2. c4 e6 3. Nc3 Nf6 4. cxd5 exd5 5. Bg5 c6 6. Qc2 Na6 7. e3 Nb4 8. Qd2
Bf5 9. Rc1 a5 10. a3 Na6 11. f3 Be7 12. Nge2 Nc7 13. g4 Bg6 14. h4 h6 15. Bf4
Ne6 16. Bg3 Bd6 17. Kf2 c5 18. dxc5 Bxc5 19. Nd4 O-O 20. Ncb5 Qb6 21. Be2 a4
22. Nf5 Bxf5 23. gxf5 d4 24. Kg2 dxe3 25. Qc3 Nd4 26. Qxc5 Qxc5 27. Rxc5 Nxe2
28. Bd6 Rfc8 29. Nc7 Ra7 30. Nd5 Rxc5 31. Bxc5 Ra5 32. Nxf6+ gxf6 33. Bxe3 Rb5
34. Kh3 Rb3 35. Bxh6 Kh7 36. Bd2 Rxb2 37. Bb4 Nf4+ 38. Kg3 Nd5 39. Bc5 Rb5 40.
Rc1 Rb3 41. Rd1 Ne3 42. Rd7 Kg7 43. Kf4 Ng2+ 44. Kg4 Ne3+ 45. Kf4 Ng2+ 46. Ke4
Nxh4 47. f4 Nf3 1-0

[Event "Agen_2017-Accession"]
[Site "Agen"]
[Date "2017.08.19"]
[Round "5.22"]
[White "Aumont, Alexandre"]
[Black "Devallee, Jeremie"]
[Result "1/2-1/2"]
[WhiteElo "2205"]
[BlackElo "2258"]
[PlyCount "170"]
[EventDate "2017.08.??"]
[EventType "swiss"]
[EventRounds "9"]
[EventCountry "FRA"]
[WhiteTeam "La Cavale du Fou"]
[BlackTeam "Chartres Metropole Echecs"]

1. e4 g6 2. Nc3 Bg7 3. g3 e5 4. Bg2 Ne7 5. d3 c6 6. f4 d6 7. Nf3 O-O 8. O-O
exf4 9. gxf4 d5 10. Qe1 dxe4 11. dxe4 Nd7 12. Be3 Nf6 13. Rd1 Qc7 14. f5 Re8
15. Qd2 gxf5 16. Bh6 fxe4 17. Bxg7 Kxg7 18. Ng5 e3 19. Qxe3 Qb6 20. Qxb6 axb6
21. Rd6 Nf5 22. Rd2 Ne3 23. Rf4 h6 24. Nge4 Nfd5 25. Rf3 Nxc3 26. Nxc3 Ra5 27.
Re2 Rae5 28. Rg3+ Kf8 29. Be4 Nd5 30. Bh7 Rxe2 31. Nxe2 Rxe2 32. Rg8+ Ke7 33.
Rxc8 Kf6 34. Rb8 Re7 35. Kf2 Nf4 36. Rd8 Nh3+ 37. Kg3 Re3+ 38. Kg2 Ng5 39. Bd3
Ne6 40. Rh8 Nf4+ 41. Kf2 Rh3 42. Be4 Ng6 43. Bxg6 Kxg6 44. Kg2 Re3 45. Kf2 Re7
46. Rg8+ Kf6 47. Rg3 Re5 48. c4 Rc5 49. b3 b5 50. cxb5 Rc2+ 51. Kg1 cxb5 52. a4
Ke5 53. axb5 f5 54. Rh3 f4 55. Rxh6 Ke4 56. Rh3 b6 57. Kf1 Rc5 58. b4 Rxb5 59.
Rb3 Rh5 60. Kg1 b5 61. Rb1 Rd5 62. Re1+ Kf3 63. Rf1+ Kg4 64. Kg2 Rd4 65. Rb1
Rd2+ 66. Kg1 Kf3 67. Rf1+ Ke3 68. Re1+ Re2 69. Rb1 Kd3 70. h4 Ke4 71. h5 Kf5
72. Rc1 Kg4 73. Rc5 Kf3 74. Rc3+ Kg4 75. Rc5 Kg3 76. Rg5+ Kf3 77. h6 Re1+ 78.
Kh2 Re8 79. Rxb5 Kf2 80. h7 f3 81. Rh5 Rh8 82. b5 Ke1 83. Kg3 f2 84. Re5+ Kd2
85. Kxf2 Rxh7 1/2-1/2

[Event "Agen_2017-Accession"]
[Site "Agen"]
[Date "2017.08.19"]
[Round "5.23"]
[White "Camus, Berenger"]
[Black "Mancini, Mario"]
[Result "1/2-1/2"]
[WhiteElo "2248"]
[BlackElo "2199"]
[PlyCount "125"]
[EventDate "2017.08.??"]
[EventType "swiss"]
[EventRounds "9"]
[EventCountry "FRA"]
[WhiteTeam "Reims Echec et Mat"]
[BlackTeam "Cercle d'Echecs de Villepinte"]

1. d4 Nf6 2. c4 e6 3. Nc3 Bb4 4. Qc2 Nc6 5. Nf3 d6 6. Bd2 O-O 7. a3 Bxc3 8.
Bxc3 Qe7 9. e4 e5 10. d5 Nd4 11. Nxd4 exd4 12. Bxd4 Qxe4+ 13. Qxe4 Nxe4 14. Bd3
Nc5 15. Bc2 Re8+ 16. Kd2 Bd7 17. Rhe1 b6 18. b4 Nb7 19. Rxe8+ Rxe8 20. Re1 Rxe1
21. Kxe1 a5 22. Be4 axb4 23. axb4 h6 24. Kd2 f5 25. Bd3 Kf7 26. f4 g6 27. Be2
Ke7 28. h3 h5 29. Bf2 Kf7 30. Kc3 Kf6 31. Bf3 Ke7 32. Bd4 Kf7 33. Be2 Ke7 34.
Kd2 Kf7 35. Ke3 Ba4 36. Bf3 Bb3 37. Kd3 Ba4 38. Kc3 Bd7 39. Be2 Ke7 40. Kb2 Kf7
41. Ka3 Ke7 42. Bd1 Bc8 43. Bf2 Bd7 44. Bc2 Nd8 45. Bh4+ Ke8 46. Ba4 Nf7 47.
Bd1 Nd8 48. Kb3 Nb7 49. Kc3 b5 50. Bf2 bxc4 51. Kxc4 Nd8 52. b5 Nf7 53. b6 cxb6
54. Bxb6 Ke7 55. Bf2 Kd8 56. Bh4+ Kc7 57. Bf2 Nd8 58. Be1 Nb7 59. Bb4 Kb6 60.
Kd4 Kb5 61. Ba3 Kb6 62. Bb4 Kb5 63. Ba3 1/2-1/2

[Event "Agen_2017-Accession"]
[Site "Agen"]
[Date "2017.08.19"]
[Round "5.24"]
[White "Lallement, Victor"]
[Black "Favarel, Julien"]
[Result "0-1"]
[WhiteElo "2200"]
[BlackElo "2247"]
[PlyCount "72"]
[EventDate "2017.08.??"]
[EventType "swiss"]
[EventRounds "9"]
[EventCountry "FRA"]
[WhiteTeam "Echiquier Centre Vaucluse "]
[BlackTeam "Bordeaux ASPOM Echecs"]

1. d4 d5 2. c4 e6 3. Nc3 Bb4 4. Nf3 Nf6 5. Bg5 h6 6. Bxf6 Qxf6 7. Rc1 O-O 8.
cxd5 exd5 9. a3 Bxc3+ 10. Rxc3 c6 11. e3 Bf5 12. Bd3 Nd7 13. Qc2 Bxd3 14. Qxd3
Qe6 15. O-O Nf6 16. Nd2 Ne8 17. Nb3 Nd6 18. Na5 f5 19. f4 Rae8 20. Rf3 Re7 21.
Nb3 Rfe8 22. Nc5 Qf7 23. Qc2 Nc4 24. Qf2 Qh5 25. h3 Kh7 26. a4 Nd6 27. Qc2 Rg8
28. g4 Qg6 29. Kh2 Rge8 30. b3 Ne4 31. Nxe4 Rxe4 32. Rg3 fxg4 33. hxg4 Kg8 34.
Kg2 Qe6 35. Qf2 Qe7 36. Kf3 Rxf4+ 0-1

[Event "Agen_2017-Accession"]
[Site "Agen"]
[Date "2017.08.19"]
[Round "5.25"]
[White "Lever, Erwan"]
[Black "Muller, Anthony"]
[Result "0-1"]
[WhiteElo "2134"]
[BlackElo "2243"]
[PlyCount "170"]
[EventDate "2017.08.??"]
[EventType "swiss"]
[EventRounds "9"]
[EventCountry "FRA"]
[WhiteTeam "C.E.I. Toulouse"]
[BlackTeam "Le Champ du Fou "]

1. d4 d5 2. c4 c6 3. Nc3 Nf6 4. Nf3 e6 5. cxd5 cxd5 6. Bf4 Bd6 7. Bxd6 Qxd6 8.
e3 O-O 9. Bd3 Nc6 10. Rc1 Bd7 11. O-O Rfc8 12. Qe2 a6 13. e4 Qf4 14. e5 Ne8 15.
g3 Qh6 16. b3 Rc7 17. Qb2 Rac8 18. Bb1 Na7 19. Kg2 g6 20. Rfe1 Nb5 21. Ne2 Qf8
22. Rxc7 Rxc7 23. Rc1 Na3 24. Rxc7 Nxc7 25. Nc1 Bb5 26. Bd3 Qb4 27. Bxb5 Ncxb5
28. Nd3 Qc3 29. Qxc3 Nxc3 30. Nc5 b6 31. Nxa6 Nxa2 32. Kf1 Kf8 33. Ke1 Ke7 34.
Kd2 Kd7 35. Ne1 Kc8 36. Nd3 Nb5 37. Ke3 Na3 38. Kd2 Nb5 39. Ke3 Nac3 40. Nab4
Na7 41. h4 Kd7 42. g4 h6 43. f3 Nc8 44. Nc2 Ne7 45. Nf4 Nb5 46. Kd3 Nc6 47. h5
g5 48. Ne2 Ke7 49. f4 gxf4 50. Nxf4 f6 51. Ng6+ Kf7 52. Ke3 Ne7 53. Nxe7 Kxe7
54. exf6+ Kxf6 55. Kf4 Nc3 56. Ne1 Ne2+ 57. Ke3 Nc1 58. b4 Kg5 59. Kf3 Nb3 60.
Nc2 Nd2+ 61. Ke2 Nc4 62. Kf3 e5 63. dxe5 Nxe5+ 64. Ke3 Nc6 65. b5 Na7 66. Kd4
Nxb5+ 67. Kxd5 Kxg4 68. Kc6 Nc3 69. Ne3+ Kf4 70. Ng2+ Kf3 71. Ne1+ Kg4 72. Kxb6
Kxh5 73. Nf3 Kg4 74. Ne5+ Kf5 75. Nf3 h5 76. Kc5 Kf4 77. Nh4 Ne2 78. Kc4 Kg4
79. Kd3 Nc1+ 80. Ke3 Kxh4 81. Kf2 Kg4 82. Kg2 h4 83. Kh2 h3 84. Kg1 Kg3 85. Kh1
Nd3 0-1

[Event "Agen_2017-Accession"]
[Site "Agen"]
[Date "2017.08.19"]
[Round "5.26"]
[White "Coiffait, Pierre-Basile"]
[Black "Flachet, Thierry"]
[Result "1-0"]
[WhiteElo "2230"]
[BlackElo "2104"]
[PlyCount "144"]
[EventDate "2017.08.??"]
[EventType "swiss"]
[EventRounds "9"]
[EventCountry "FRA"]
[WhiteTeam "Cannes Echecs"]
[BlackTeam "Cercle d'échecs des Sables d'Olonne"]

1. e4 e6 2. d4 d5 3. Nd2 Nf6 4. e5 Nfd7 5. Bd3 c5 6. c3 Nc6 7. Ngf3 h6 8. O-O
Rb8 9. Re1 b5 10. Bc2 b4 11. c4 Nb6 12. cxd5 Nxd5 13. Ba4 Bd7 14. dxc5 Bxc5 15.
Qc2 Qb6 16. Ne4 Be7 17. Be3 Nxe3 18. Rxe3 O-O 19. Rd1 Be8 20. Nd6 Bxd6 21. Rxd6
Rc8 22. Re4 Qb7 23. Rc4 Ne7 24. Rxc8 Nxc8 25. Rd4 Ne7 26. h3 Bxa4 27. Qxa4 Nd5
28. Rc4 Rc8 29. Qc2 Rd8 30. Qc1 Qa6 31. Rg4 Kh8 32. Qc4 Qb7 33. Qc2 Qa6 34. Qc4
Qb7 35. Qd3 Rc8 36. Rc4 Rd8 37. Rg4 Qc6 38. Qd1 Rc8 39. Rd4 Qc2 40. Rd2 Qxd1+
41. Rxd1 Rc2 42. Rb1 Kg8 43. g3 Kf8 44. Kf1 Ke7 45. Nd4 Rc4 46. Rd1 a6 47. Ke2
Rc5 48. Nb3 Rc7 49. Kd3 Nb6 50. Rc1 Rxc1 51. Nxc1 Kd7 52. Kd4 Kc6 53. Nd3 a5
54. Nc5 Nd5 55. Ne4 Nc7 56. Nd6 f6 57. Nc4 Nb5+ 58. Kd3 a4 59. Nd6 Nc7 60. Kc4
fxe5 61. Nf7 e4 62. Kxb4 Kd5 63. Kxa4 Kd4 64. b4 Kd3 65. b5 Nd5 66. Ka5 Ke2 67.
Nd6 Kxf2 68. Nxe4+ Kf3 69. Nc5 e5 70. b6 Ne7 71. b7 Nc6+ 72. Kb6 Nb8 1-0

[Event "Agen_2017-Accession"]
[Site "Agen"]
[Date "2017.08.19"]
[Round "5.28"]
[White "Ollier, Milan"]
[Black "Tomasi, Albert"]
[Result "0-1"]
[WhiteElo "2253"]
[BlackElo "2229"]
[PlyCount "80"]
[EventDate "2017.08.??"]
[EventType "swiss"]
[EventRounds "9"]
[EventCountry "FRA"]
[WhiteTeam "Echiquier Médocain"]
[BlackTeam "Echecs-Club Ajaccien"]

1. e4 c5 2. Nf3 d6 3. d4 cxd4 4. Nxd4 Nf6 5. Nc3 a6 6. Be2 Nbd7 7. O-O g6 8.
Bg5 Bg7 9. Re1 O-O 10. a4 h6 11. Bh4 Nc5 12. Bf1 e5 13. Nf3 g5 14. Bg3 Bg4 15.
h3 Bh5 16. Qb1 Bxf3 17. gxf3 Ne6 18. Bd3 Nh5 19. Nd5 Nef4 20. Bxf4 Nxf4 21.
Nxf4 exf4 22. e5 Bxe5 23. Qa2 Qf6 24. Qd5 Kg7 25. Kg2 h5 26. Qxb7 Rh8 27. Rh1
Rab8 28. Qe4 Rxb2 29. Rab1 Rxb1 30. Rxb1 g4 31. Rb7 Qg5 32. Bc4 Rf8 33. hxg4
hxg4 34. fxg4 Qxg4+ 35. Kf1 Qd1+ 36. Kg2 Kf6 37. Bxf7 Qg4+ 38. Kf1 Rxf7 39.
Rxf7+ Kxf7 40. Qb7+ Kf6 0-1

[Event "Agen_2017-Accession"]
[Site "Agen"]
[Date "2017.08.19"]
[Round "5.29"]
[White "Gardet, Thomas"]
[Black "Giacomini, Hector"]
[Result "0-1"]
[WhiteElo "2007"]
[BlackElo "2226"]
[PlyCount "66"]
[EventDate "2017.08.??"]
[EventType "swiss"]
[EventRounds "9"]
[EventCountry "FRA"]
[WhiteTeam "Echecs Club de Petit Bourg"]
[BlackTeam "Echiquier Tourangeau"]

1. e4 e6 2. d4 d5 3. Nc3 dxe4 4. Nxe4 Nd7 5. Bd3 Ngf6 6. Ng5 h6 7. Nxe6 Qe7 8.
Ne2 Qxe6 9. O-O Nb6 10. Re1 Be7 11. Nf4 Qd6 12. c4 Qd8 13. Qe2 g5 14. Nh5 Kf8
15. Ng3 Bb4 16. Rd1 Bd6 17. Bd2 Kg7 18. Nf5+ Bxf5 19. Bxf5 Re8 20. Qd3 c5 21.
b4 cxd4 22. c5 Be5 23. cxb6 Qxb6 24. f4 gxf4 25. Rf1 Nd5 26. Qe4 d3+ 27. Kh1
Bxa1 28. Qxd5 Rad8 29. Qb3 Be5 30. Rf3 Rd6 31. Rxd3 Qf2 32. Qb1 Rxd3 33. Qxd3
Rd8 0-1

[Event "Agen_2017-Accession"]
[Site "Agen"]
[Date "2017.08.19"]
[Round "5.30"]
[White "De Lussac, Rainier"]
[Black "Pottier, Alexandre"]
[Result "1-0"]
[WhiteElo "2149"]
[BlackElo "2127"]
[PlyCount "83"]
[EventDate "2017.08.??"]
[EventType "swiss"]
[EventRounds "9"]
[EventCountry "FRA"]
[WhiteTeam "Chevau-légers de la Choisille"]
[BlackTeam "C.E. de Rueil Malmaison"]

1. d4 d5 2. c4 e6 3. Nc3 a6 4. Nf3 dxc4 5. a4 Nc6 6. e4 Na5 7. Be2 Bb4 8. O-O
Bxc3 9. bxc3 b5 10. axb5 axb5 11. d5 Ne7 12. dxe6 Bxe6 13. Qxd8+ Kxd8 14. Nd4
Bd7 15. Rd1 Kc8 16. Ba3 Ng6 17. Bb4 c5 18. Bxc5 Kc7 19. Rab1 Rhe8 20. f3 Re5
21. Nxb5+ Kc6 22. Rd6+ Kxc5 23. Rxd7 Rb8 24. Bxc4 Ne7 25. Bf1 Nac6 26. Rd4 Na5
27. f4 Re6 28. Ra4 Nec6 29. Rd1 Rbe8 30. e5 Rb8 31. Nd4 Rg6 32. Nxc6 Nxc6 33.
Rc4+ Kb6 34. Bd3 Rh6 35. Be4 Re8 36. Rb1+ Kc7 37. Bf3 Ree6 38. Rb5 Kd7 39. Rb7+
Ke8 40. Bg4 Nd8 41. Rc8 Rb6 42. Rd7 1-0

[Event "Agen_2017-Accession"]
[Site "Agen"]
[Date "2017.08.19"]
[Round "5.31"]
[White "Suez-Panama, Gilles"]
[Black "Lanteri, Nicolas"]
[Result "1/2-1/2"]
[WhiteElo "2078"]
[BlackElo "2037"]
[PlyCount "88"]
[EventDate "2017.08.??"]
[EventType "swiss"]
[EventRounds "9"]
[EventCountry "FRA"]
[WhiteTeam "Arsenal"]
[BlackTeam "C.E.M.C. Monaco"]

1. Nf3 f5 2. d4 Nf6 3. Bg5 g6 4. Nbd2 Bg7 5. Bxf6 exf6 6. e4 fxe4 7. Nxe4 O-O
8. Qd3 d5 9. Ng3 Qe7+ 10. Be2 Qb4+ 11. c3 Qxb2 12. O-O Nc6 13. a4 Qb6 14. a5
Nxa5 15. Rfb1 Nb3 16. Ra3 Nc5 17. dxc5 Qxc5 18. Rab3 c6 19. h4 f5 20. Nd4 a5
21. Nf1 a4 22. Rb4 Qe7 23. Nf3 a3 24. Ra1 Qxb4 25. cxb4 Bxa1 26. N1d2 a2 27.
Nb3 Bg7 28. b5 Ra3 29. bxc6 bxc6 30. Qc2 f4 31. Nfd2 Bd7 32. h5 Rb8 33. hxg6
hxg6 34. Kh2 Bf5 35. Qxc6 Raxb3 36. Nxb3 Rxb3 37. Qa8+ Kh7 38. Qxa2 Rb2 39. Qa6
Be5 40. Bf3 d4 41. Qa3 d3 42. Qe7+ Bg7 43. Qh4+ Bh6 44. Qe7+ Bg7 1/2-1/2

[Event "Agen_2017-Accession"]
[Site "Agen"]
[Date "2017.08.19"]
[Round "6.7"]
[White "Dudognon, Thibault"]
[Black "Philippe, Guillaume"]
[Result "0-1"]
[WhiteElo "2230"]
[BlackElo "2364"]
[PlyCount "48"]
[EventDate "2017.08.??"]
[EventType "swiss"]
[EventRounds "9"]
[EventCountry "FRA"]
[WhiteTeam "CE Vitrolles"]
[BlackTeam "L'Echiquier Chalonnais"]

1. c4 Nf6 2. g3 e5 3. Bg2 c6 4. d4 e4 5. Nc3 d5 6. cxd5 cxd5 7. Bg5 Bb4 8. f3
Nbd7 9. Bxf6 Bxc3+ 10. bxc3 Nxf6 11. Qa4+ Bd7 12. Qb4 a5 13. Qxb7 Rb8 14. Qa7
O-O 15. Qc5 Re8 16. fxe4 Nxe4 17. Bxe4 dxe4 18. e3 Rb2 19. Ne2 Bg4 20. Nc1 Qb8
21. Qxa5 Rxh2 22. Rxh2 Qxg3+ 23. Kf1 Qxh2 24. Qc5 Bf3 0-1

[Event "Agen_2017-Accession"]
[Site "Agen"]
[Date "2017.08.19"]
[Round "6.8"]
[White "Housieaux, David"]
[Black "Rodriguez, Adrien"]
[Result "1/2-1/2"]
[WhiteElo "2409"]
[BlackElo "2252"]
[PlyCount "144"]
[EventDate "2017.08.??"]
[EventType "swiss"]
[EventRounds "9"]
[EventCountry "FRA"]
[WhiteTeam "A.J.E. Noyon"]
[BlackTeam "Lutèce Echecs"]

1. c4 c5 2. g3 Nf6 3. Bg2 e6 4. Nf3 a6 5. Nc3 Be7 6. d4 cxd4 7. Nxd4 Qc7 8. O-O
Nc6 9. Nb3 d6 10. Bf4 Nh5 11. Bd2 Ne5 12. Rc1 O-O 13. Na4 Nc6 14. Be3 Nf6 15.
Bb6 Qb8 16. Qd2 Bd7 17. Be3 Qe8 18. Nb6 Rd8 19. h3 e5 20. Kh2 Be6 21. Rfd1 d5
22. cxd5 Nxd5 23. Nxd5 Bxd5 24. Bxd5 Nb4 25. Nc5 Nxd5 26. Nxb7 Nxe3 27. Qxe3
Rxd1 28. Rxd1 Qb5 29. Nd6 Qxb2 30. Nf5 Qa3 31. Rd3 Qb4 32. Qxe5 Bf6 33. Nh6+
Kh8 34. Qd6 Qxd6 35. Rxd6 Be7 36. Rd7 Bc5 37. Ng4 f5 38. Ne3 Bxe3 39. fxe3 h6
40. Kg2 Re8 41. Kf3 Re5 42. Rd4 Ra5 43. a4 Kg8 44. h4 Kf7 45. h5 Kf6 46. Kf4
Kf7 47. Rb4 Kf6 48. e4 fxe4 49. g4 e3 50. Rc4 Kf7 51. Kxe3 g6 52. Rc7+ Kg8 53.
hxg6 Rxa4 54. Kf3 a5 55. e4 Ra1 56. e5 Re1 57. Kf4 a4 58. Ra7 Rf1+ 59. Ke4 Ra1
60. e6 a3 61. e7 Re1+ 62. Kf5 a2 63. Rxa2 Rxe7 64. Kf6 Re8 65. Ra7 Rb8 66. Rg7+
Kf8 67. Re7 Kg8 68. Kf5 Rb5+ 69. Kf6 Rb8 70. g7 Rb6+ 71. Kf5 Ra6 72. Rb7 Rc6
1/2-1/2

[Event "Agen_2017-Accession"]
[Site "Agen"]
[Date "2017.08.19"]
[Round "6.9"]
[White "Feryn, Benjamin"]
[Black "Lamard, Guillaume"]
[Result "0-1"]
[WhiteElo "2153"]
[BlackElo "2347"]
[PlyCount "78"]
[EventDate "2017.08.??"]
[EventType "swiss"]
[EventRounds "9"]
[EventCountry "FRA"]
[WhiteTeam "L'Echiquier Cappellois"]
[BlackTeam "Cannes Echecs"]

1. e4 e5 2. Nc3 Nf6 3. f4 d5 4. fxe5 Nxe4 5. Qf3 Nc6 6. Bb5 Nxc3 7. dxc3 Qh4+
8. g3 Qe4+ 9. Qxe4 dxe4 10. Bxc6+ bxc6 11. Bf4 Bc5 12. Ne2 Bb6 13. Nd4 c5 14.
Nb3 c4 15. Nd4 Bg4 16. h3 Bf3 17. Nxf3 exf3 18. Rf1 f2+ 19. Ke2 O-O-O 20. Rad1
Rhe8 21. Rxd8+ Kxd8 22. Rd1+ Kc8 23. Kf1 Re6 24. Rd2 g5 25. Bxg5 Rxe5 26. Rd8+
Kb7 27. Bd2 Kc6 28. b4 Kb5 29. Rd7 f6 30. h4 c6 31. Rb7 Ka4 32. Rxb6 axb6 33.
Kxf2 Ka3 34. g4 Kxa2 35. Be3 c5 36. bxc5 bxc5 37. Bf4 Rd5 38. g5 fxg5 39. Bxg5
Kb2 0-1

[Event "Agen_2017-Accession"]
[Site "Agen"]
[Date "2017.08.19"]
[Round "6.10"]
[White "Travadon, Loic"]
[Black "Guidez, Yann-Michael"]
[Result "1-0"]
[WhiteElo "2341"]
[BlackElo "2271"]
[PlyCount "69"]
[EventDate "2017.08.??"]
[EventType "swiss"]
[EventRounds "9"]
[EventCountry "FRA"]
[WhiteTeam "C.E. de  Bois-Colombes"]
[BlackTeam "Echiquier Bordelais"]

1. d4 Nf6 2. c4 e6 3. Nf3 d5 4. Nc3 c5 5. cxd5 Nxd5 6. e4 Nxc3 7. bxc3 cxd4 8.
cxd4 Bb4+ 9. Bd2 Bxd2+ 10. Qxd2 O-O 11. Bc4 Nc6 12. O-O b6 13. Rad1 Na5 14. Bd3
Bb7 15. Rfe1 Rc8 16. d5 Qd6 17. dxe6 Qxe6 18. Nd4 Qe5 19. Nf5 f6 20. f4 Qc5+
21. Kh1 Rfd8 22. Bc4+ Nxc4 23. Qxd8+ Rxd8 24. Rxd8+ Kf7 25. Rd7+ Kf8 26. Rd8+
Kf7 27. Rd7+ Kf8 28. Rxb7 g6 29. Rd1 Nd2 30. Ng3 Qc2 31. Re1 h5 32. e5 Qc6 33.
Rb8+ Ke7 34. f5 h4 35. exf6+ 1-0

[Event "Agen_2017-Accession"]
[Site "Agen"]
[Date "2017.08.19"]
[Round "6.11"]
[White "Le Hetet, Nicolas"]
[Black "Girardon, Jerome"]
[Result "1-0"]
[WhiteElo "2317"]
[BlackElo "2160"]
[PlyCount "55"]
[EventDate "2017.08.??"]
[EventType "swiss"]
[EventRounds "9"]
[EventCountry "FRA"]
[WhiteTeam "Echiquier Agenais"]
[BlackTeam "Gueugnon Echecs"]

1. e4 c5 2. Nf3 d6 3. d4 cxd4 4. Nxd4 Nf6 5. Nc3 Bd7 6. g3 Nc6 7. Bg2 g6 8.
Nde2 Bg7 9. O-O Rb8 10. a4 a6 11. h3 b5 12. axb5 axb5 13. Re1 Qc8 14. Kh2 h5
15. Nd5 Ne5 16. Nef4 h4 17. g4 Nfxg4+ 18. hxg4 h3 19. Bf3 Nxf3+ 20. Qxf3 Bxg4
21. Qg3 Be5 22. Ra7 Bd7 23. Be3 Qxc2 24. Qg5 f6 25. Qxg6+ Kd8 26. Qg7 Re8 27.
Rc1 Qxe4 28. Bb6+ 1-0